000 00936 a2200241 4500
003 Nust
005 20221012143907.0
010 _a 86025021
020 _a0470207612 (U.S.)
020 _a0853129649 :
040 _cNust
082 0 0 _a543,HAR
100 1 _aHartley, T. F.
_9100039
245 1 0 _aComputerized quality control :
_bprograms for the analytical laboratory /
_cT.F. Hartley.
260 _aChichester :
_bE. Horwood ;
_aNew York :
_bHalsted Press,
_c1987.
300 _a165 p. ;
_c25 cm.
440 0 _aEllis Horwood series in analytical chemistry
_9100040
505 _aIntroduction (Page-11), Calibration Graphs (Page-15), Batch Quality Control (Page-69), Between-batch Quality (Page-99), Laboratory Computing (Page-146).
650 0 _aBASIC (Computer program language)
_9783
650 0 _aChemistry, Analytic
_xComputer programs.
_9100041
650 0 _aChemistry, Analytic
_xData processing.
_9100042
942 _2ddc
_cBK
999 _c183685
_d183685